000 00474nam a2200193 a 4500
001 1770805515131
003 YourLibrary
005 20260211155849.0
008 260211s2006##################000#0#eng##
020 _a9781844072613
082 0 4 _a333.794
_bABM
100 1 _aAssmann, Dirk,
_eauthor.
245 1 0 _aRenewable Energy :
260 _bRoutledge,
_c2006.
300 _a350 pages
650 0 _aLaw.
942 _cENGLISH
040 _aYourLibrary
_beng
_cYourLibrary
999 _c611770
_d611770